|
|
|
|
| LEADER |
01431nam a2200397 a 4500 |
| 001 |
EBC1093954 |
| 003 |
MiAaPQ |
| 005 |
20200520144314.0 |
| 006 |
m o d | |
| 007 |
cr cn||||||||| |
| 008 |
121102s2013 njuad s 001 0 eng d |
| 010 |
|
|
|z 2012043888
|
| 020 |
|
|
|z 9781118407745 (cloth)
|
| 020 |
|
|
|a 9781118421864 (electronic bk.)
|
| 035 |
|
|
|a (MiAaPQ)EBC1093954
|
| 035 |
|
|
|a (Au-PeEL)EBL1093954
|
| 035 |
|
|
|a (CaPaEBR)ebr10634646
|
| 035 |
|
|
|a (CaONFJC)MIL455477
|
| 035 |
|
|
|a (OCoLC)823387192
|
| 040 |
|
|
|a MiAaPQ
|c MiAaPQ
|d MiAaPQ
|
| 050 |
|
4 |
|a HG4529
|b .A27 2013
|
| 082 |
0 |
4 |
|a 332.64/5
|2 23
|
| 100 |
1 |
|
|a Abraham, Andrew.
|
| 245 |
1 |
4 |
|a The trend following bible
|h [electronic resource] :
|b how professional traders compound wealth and manage risk /
|c Andrew Abraham.
|
| 260 |
|
|
|a Hoboken, N.J. :
|b John Wiley & Sons, Inc.,
|c 2013.
|
| 300 |
|
|
|a xviii, 201 p. :
|b ill. (some col.).
|
| 440 |
|
0 |
|a Wiley trading series
|
| 500 |
|
|
|a Includes index.
|
| 533 |
|
|
|a Electronic reproduction. Ann Arbor, MI : ProQuest, 2016. Available via World Wide Web. Access may be limited to ProQuest affiliated libraries.
|
| 650 |
|
0 |
|a Investment analysis.
|
| 650 |
|
0 |
|a Portfolio management.
|
| 650 |
|
0 |
|a Investments.
|
| 650 |
|
0 |
|a Risk management.
|
| 655 |
|
4 |
|a Electronic books.
|
| 710 |
2 |
|
|a ProQuest (Firm)
|
| 856 |
4 |
0 |
|u https://ebookcentral.proquest.com/lib/matrademy/detail.action?docID=1093954
|z Click to View
|